000 00499nam a2200169Ia 4500
008 180921t2005 xxu||||| |||| 00| 0 sin d
041 _asin
080 _a681.31
_bWIJ
100 _aWijerathna, Chamin
245 _aකම්පියුටර් ගේම්ස් ඉගි හා රහස්
246 _aComputer games igi haa rahas
260 _bAshirvada
_aKotadeniyava
_c2005
300 _a97p., ill., 22 cm
942 _cBK
999 _c17586
_d17586
003 LK-CoDNM
040 _aLK-CoDNM
_dLK-CoDNM
_eLK-CoDNM